| 000 | 01403nam a2200265Ia 4500 | ||
|---|---|---|---|
| 999 |
_c45421 _d45421 |
||
| 001 | 12245 | ||
| 003 | GE_BSU | ||
| 005 | 20220530130155.0 | ||
| 008 | 181216s2014||||ge |||||||||||||| ||geo|| | ||
| 020 | _a9789941223525 | ||
| 040 | _cGE_BSU | ||
| 041 | _ageo | ||
| 080 | _a94(560)+338(560)+327(560) მ-26 | ||
| 100 |
_aმანჩხაშვილი, მაია _913885 |
||
| 245 |
_aთურქეთი XX საუკუნის ბოლოსა და XXI საუკუნის დამდეგს : _b[დამხმ. სახელმძღვ.] / _cმაია მანჩხაშვილი ; რედ.: ზურაბ დავითაშვილი, რევაზ გაჩეჩილაძე. |
||
| 264 |
_aთბილისი : _bუნივერსალი, _c2014. |
||
| 300 |
_a162 გვ. ; _b20 სმ. |
||
| 504 | _aბიბლიოგრ. ტექსტის შენიშვნებში და გვ. 155-162. | ||
| 520 | _aრეზ. თურქ. და ინგლ. | ||
| 653 | _aთურქეთის ისტორია | ||
| 653 | _aთურქეთის ეკონომიკა | ||
| 700 |
_aდავითაშვილი, ზ. (ზურაბ) _eრედაქტორი _913887 |
||
| 700 |
_aგაჩეჩილაძე, რ. (რევაზ) _eრედაქტორი _913888 |
||
| 942 |
_cBK _2udc |
||